skbl

Dr Suryya Kumar Bhuyan Library Web-OPAC
ডঃ সূৰ্য্য
কুমাৰ ভূঞা পুথিভঁৰাল ৱেব-অ'পেক

All Research Scholars are advised to clear the annual library fees to continue using Library Resources, Remote Access, Plagiarism Test and Library Clearance.

Cotton University Book Fair 2026

Tripura Buranji / (Record no. 3396)

MARC details
000 -LEADER
fixed length control field 00703nam a2200265Ia 4500
001 - CONTROL NUMBER
control field 3408
005 - DATE AND TIME OF LATEST TRANSACTION
control field 20240113233628.0
007 - PHYSICAL DESCRIPTION FIXED FIELD--GENERAL INFORMATION
fixed length control field ta
008 - FIXED-LENGTH DATA ELEMENTS--GENERAL INFORMATION
fixed length control field 050506s1990 a g b000 u asm u
020 ## - INTERNATIONAL STANDARD BOOK NUMBER
Terms of availability PB
040 ## - CATALOGING SOURCE
Original cataloging agency Cotton College,Assam
041 ## - LANGUAGE CODE
Language code of text/sound track or separate title asm
082 ## - DEWEY DECIMAL CLASSIFICATION NUMBER
Classification number 954.126
Item number Bh 469 Tr
100 ## - MAIN ENTRY--PERSONAL NAME
Personal name Bhuyan, S.K. .
245 #0 - TITLE STATEMENT
Title Tripura Buranji /
Statement of responsibility, etc. S.K.Bhuyan.
Medium Textual Documents
250 ## - EDITION STATEMENT
Edition statement 3rd ed. /
260 ## - PUBLICATION, DISTRIBUTION, ETC.
Place of publication, distribution, etc. Gauhati :
Name of publisher, distributor, etc. Historical And Antiquarian Studies ,
Date of publication, distribution, etc. 1990.
300 ## - PHYSICAL DESCRIPTION
Extent 99P. :
Other physical details ill ;
Dimensions 21CM. .
500 ## - GENERAL NOTE
General note By Ratna Kandali And Arjun Das Kataki.
653 ## - INDEX TERM--UNCONTROLLED
Uncontrolled term History-Assam
942 ## - ADDED ENTRY ELEMENTS (KOHA)
Source of classification or shelving scheme Dewey Decimal Classification
Koha item type Books
Holdings
Withdrawn status Lost status Damaged status Not for loan Collection Home library Current library Date acquired Coded location qualifier Total checkouts Full call number Barcode Date last seen Copy number Price effective from Koha item type
          Dr. Suryya Kumar Bhuyan Library Dr. Suryya Kumar Bhuyan Library 01/02/2012 00000   954.126 Bh 469 Tr 27293 13/01/2024 2 01/02/2012 Books
      Not for loan   Dr. Suryya Kumar Bhuyan Library Dr. Suryya Kumar Bhuyan Library 01/02/2012 00000   954.126 Bh 469 Tr 13/Gift 13/01/2024 1 01/02/2012 Books

Designed and Maintained by Team SKBL
©1901-2026

Powered by Koha